Central Library OPAC University of Rajshahi

Freelance writing : (Record no. 62232)

MARC details
000 -LEADER
fixed length control field 00828nam a2200253 a 4500
001 - CONTROL NUMBER
control field 62232
003 - CONTROL NUMBER IDENTIFIER
rucl marc code BD-RjUL
005 - DATE AND TIME OF LATEST TRANSACTION
control field 20211209081046.0
008 - FIXED-LENGTH DATA ELEMENTS--GENERAL INFORMATION
fixed length control field 170123s1974 nyu b 001 0 eng d
020 ## - INTERNATIONAL STANDARD BOOK NUMBER
International Standard Book Number 0020792905 :
035 ## - SYSTEM CONTROL NUMBER
System control number (BD-RjUL)62357
040 ## - CATALOGING SOURCE
Original cataloging agency DLC
Transcribing agency DLC
Modifying agency BD-RjUL
Language of cataloging eng
041 ## - LANGUAGE CODE
Language code of text/sound track or separate title eng
082 00 - DEWEY DECIMAL CLASSIFICATION NUMBER
Classification number 808.02
Edition number 23
Author mark and year CAF 1974
100 1# - MAIN ENTRY--PERSONAL NAME
Personal name Casewit, Curtis W.
9 (RLIN) 185089
245 10 - TITLE STATEMENT
Title Freelance writing :
Remainder of title advice from the pros /
Statement of responsibility, etc. Curtis W. Casewit
260 ## - PUBLICATION, DISTRIBUTION, ETC. (IMPRINT)
Place of publication, distribution, etc. New York :
Name of publisher, distributor, etc. Collier Macmillan Publication,
Date of publication, distribution, etc. 1974.
300 ## - PHYSICAL DESCRIPTION
Pagination xiv, 272 p. ;
Size 21 cm.
504 ## - BIBLIOGRAPHY, ETC. NOTE
Bibliography, etc Include Bibliography and index.
650 #0 - SUBJECT ADDED ENTRY--TOPICAL TERM
Topical term or geographic name as entry element Journalism
General subdivision Authorship
-- Vocational guidance.
9 (RLIN) 185090
Topical term or geographic name as entry element Freelance journalism
General subdivision Vocational guidance.
9 (RLIN) 185091
Topical term or geographic name as entry element Feature writing
General subdivision Vocational guidance.
9 (RLIN) 185092
942 ## - ADDED ENTRY ELEMENTS (KOHA)
Source of classification or shelving scheme Dewey Decimal Classification
Koha item type Books
Holdings
Lost status Source of classification or shelving scheme Damaged status Not for loan Collection code Permanent Location Current Location Shelving location Date acquired Total Checkouts Full call number Date last seen Copy number Koha item type
  Dewey Decimal Classification   Not For Loan Non-fiction Central Library, University of Rajshahi Central Library, University of Rajshahi Reading Room 26/07/1987   808.02 CAF 1974 23/01/2017 C-1 Books